MARC

LEADER 00000nam0a2200000 4500
001 341387
005 20250712062931.0
035 |a (RuTPU)RU\TPU\book\369270 
090 |a 341387 
100 |a 20180913d2010 k y0rusy50 ca 
101 0 |a rus 
102 |a RU 
105 |a a z 000zy 
200 1 |a Комплексная программа развития Национального исследовательского Томского политехнического университета на 2010 год  |f П. С. Чубик [и др.]  |g Национальный исследовательский Томский политехнический университет (ТПУ) 
210 |a Томск  |c Изд-во ТПУ  |d 2010 
215 |a 30 с.  |c ил. 
606 1 |a Томский политехнический университет  |2 stltpush  |3 (RuTPU)RU\TPU\subj\67475  |9 83260 
610 1 |a высшее образование 
610 1 |a Сибирь 
610 1 |a ТПУ 
610 1 |a комплексная программа развития 
610 1 |a управление 
610 1 |a целевые программы 
610 1 |a ресурсное обеспечение 
610 1 |a Коллекция История ТПУ 
686 |a Ч484(2)72ТПУ  |2 rubbk 
701 1 |a Чубик  |b П. С.  |c геолог  |c профессор, ректор Томского политехнического университета (с 2008 г.)  |f 1954-  |g Петр Савельевич  |3 (RuTPU)RU\TPU\pers\24546  |9 10846 
701 1 |a Могильницкий  |b С. Б.  |c физик  |c доцент Томского политехнического университета, кандидат физико-математических наук  |f 1951-  |g Сергей Борисович  |3 (RuTPU)RU\TPU\pers\25470  |9 11409 
701 1 |a Лидер  |b А. М.  |c физик  |c профессор Томского политехнического университета, доктор технических наук  |f 1976-2025  |g Андрей Маркович  |y Томск  |3 (RuTPU)RU\TPU\pers\25616  |9 11545 
701 1 |a Яковлев  |b А. Н.  |c специалист в области светотехники  |c проректор-директор Томского политехнического университета, кандидат физико-математических наук  |f 1971-  |g Алексей Николаевич  |3 (RuTPU)RU\TPU\pers\29892  |9 14364 
701 1 |a Язиков  |b Е. Г.  |c специалист в области геологии и минералогии  |c профессор Томского политехнического университета, доктор геолого-минералогических наук, заместитель проректора по образовательной и международной деятельности  |f 1955-  |g Егор Григорьевич  |3 (RuTPU)RU\TPU\pers\26057  |9 11896 
701 1 |a Власов  |b В. А.  |c российский ученый в области физики и химии плазмы, молекулярной физики  |c профессор Томского политехнического университета  |c ректор Томского государственного архитектурно-строительного университета  |f 1958-  |g Виктор Алексеевич  |3 (RuTPU)RU\TPU\pers\26576  |9 12265 
701 1 |a Барышева  |b Г. А.  |c экономист  |c профессор Томского политехнического университета, доктор экономических наук  |f 1961-  |g Галина Анзельмовна  |3 (RuTPU)RU\TPU\pers\25765  |9 11658 
701 1 |a Долматов  |b О. Ю.  |c физик  |c кандидат физико-математических наук  |f 1967-  |g Олег Юрьевич  |3 (RuTPU)RU\TPU\pers\26450  |9 12153 
712 0 2 |a Национальный исследовательский Томский политехнический университет (ТПУ)  |c (2009- )  |3 (RuTPU)RU\TPU\col\15902 
801 1 |a RU  |b 63413507  |c 20180913 
801 2 |a RU  |b 63413507  |c 20210205  |g RCR 
942 |c BK